Mengajar secara efektif

Bibliographic Details
Main Author: Coombs, Bryan
Other Authors: Siti Aishah mohd Elias
Format: Book
Published: Kuala Lumpur : Institut Terjemahan negara Malaysia , 1999
Series:Siri kepimpinan & pengurusan sekolah
Subjects:

MARC

LEADER 00000cam a2200000 7i4500
001 0000031414
005 20120328.0
008 120222
020 |a 9830681459 
090 0 0 |a 371.102   |b COO 
100 1 |a Coombs, Bryan 
245 1 0 |a Mengajar secara efektif   |c Bryan Coombs   |f penterjemah oleh Siti Aishah mohd Elias 
260 |a Kuala Lumpur :   |b Institut Terjemahan negara Malaysia ,   |c 1999 
440 |a Siri kepimpinan & pengurusan sekolah 
650 0 |a School management and organization 
650 0 |a Teaching   |x aids and devices 
700 1 |a Siti Aishah mohd Elias 
999 |a 0001025158   |b Book   |c Adult Collection   |e Perbadanan Perpustakaan Awam Johor